000 01004cam9a220024100 4500
001 qce01153351
005 20190819084421.0
008 760406c19531941caua 001 0 eng d
035 _a(Sirsi) r41729
035 _a(QCAT)lss01220541
035 _a(UPRA)qce01153351
040 _dUPRA
110 2 _aHenry E. Huntington Library and Art Gallery.
_6A102145.1
245 1 0 _aHandbook of the art collections illustrated /
_cHenry E. Huntington Library & Art Gallery.
260 _aSan Marino, CA :
_bThe Art Gallery,
_c1953, c1941.
500 _aHandbook prepared by Maurice Block.
500 _aIncludes index.
500 _aGift: Mrs. G.A. Robbins.
650 0 _aArt -- California -- San Marino -- Catalogs.
_zArt -- California -- San Marino -- Catalogs.
_zArt -- California -- San Marino -- Catalogs.
_xArt -- California -- San Marino -- Catalogs.
_6S73862.1
700 1 _aBlock, Maurice, 1890-
_dBlock, Maurice, 1890-
_6A102146.1
949 _aN741
_wlcc
_i-50775
_mMAIN
_tBOOK
_lON-SHELF
004 41729
999 _c95011
_d95011